000
00300nam a22001337a 4500
008
170320b xxu||||| |||| 00| 0 eng d
020
_a
0195090314
041
_a
eng
080
_2
3 ED
_a
616.8
100
_a
7
101
_a
SHM
245
_a
NEUROPSYCHOLOGICAL ASSESSMENT
_c
LEZAK.M.D
942
_2
udc
_c
BK
999
_c
8168
_d
8168